<?xml version="1.0" encoding="UTF-8"?><?xml-stylesheet type="text/xsl" href="static/style.xsl"?><OAI-PMH xmlns="http://www.openarchives.org/OAI/2.0/" xmlns:xsi="http://www.w3.org/2001/XMLSchema-instance" xsi:schemaLocation="http://www.openarchives.org/OAI/2.0/ http://www.openarchives.org/OAI/2.0/OAI-PMH.xsd"><responseDate>2026-06-07T19:59:11Z</responseDate><request verb="GetRecord" identifier="oai:docta.ucm.es:20.500.14352/25092" metadataPrefix="marc">https://docta.ucm.es/rest/oai/request</request><GetRecord><record><header><identifier>oai:docta.ucm.es:20.500.14352/25092</identifier><datestamp>2023-09-07T10:11:09Z</datestamp><setSpec>com_20.500.14352_14</setSpec><setSpec>col_20.500.14352_23</setSpec></header><metadata><record xmlns="http://www.loc.gov/MARC21/slim" xmlns:dcterms="http://purl.org/dc/terms/" xmlns:xsi="http://www.w3.org/2001/XMLSchema-instance" xmlns:doc="http://www.lyncode.com/xoai" xsi:schemaLocation="http://www.loc.gov/MARC21/slim http://www.loc.gov/standards/marcxml/schema/MARC21slim.xsd">
   <leader>00925njm 22002777a 4500</leader>
   <datafield ind2=" " ind1=" " tag="042">
      <subfield code="a">dc</subfield>
   </datafield>
   <datafield ind2=" " ind1=" " tag="720">
      <subfield code="a">Correa Román, Marta</subfield>
      <subfield code="e">author</subfield>
   </datafield>
   <datafield ind2=" " ind1=" " tag="260">
      <subfield code="c">2016-01-28</subfield>
   </datafield>
   <datafield ind2=" " ind1=" " tag="520">
      <subfield code="a">Los orígenes de la literatura de ciencia ficción española se encuentran en el siglo XIX, bajo influencia de la narrativa científico-ficticia inglesa. En estas novelas, la narración está regida por un elemento novedoso llamado novum, que transforma el mundo presente y juega con la idea de progreso científico, político o social. De esta manera, la ciencia ficción reflexiona sobre el futuro del ser humano en torno a estos tres ejes (ciencia, política y sociedad) y plantea dos tendencias opuestas: la confianza en el progreso y el pesimismo ante una posible automatización de la vida. Así pues, se establece una clasificación de la literatura de ciencia ficción a través del papel del novum en cada narración.</subfield>
   </datafield>
   <datafield ind2=" " ind1=" " tag="520">
      <subfield code="a">The origins of science fiction Spanish literature are in the nineteenth century, under the influence of English fictional-scientist narrative. In these novels, the narration is regulated by a new element called novum, which transforms the present world and plays with the idea of scientific, political or social progress. In a certain way, science fiction reflects on the future of the human being around three concepts (Science, Politics and Society) and contemplates two contrary trends: the confidence in progress and the pessimism in light of a possible automation of life. As well, a classification of science fiction literature is established through the role of the novum in each novel.</subfield>
   </datafield>
   <datafield ind1="8" ind2=" " tag="024">
      <subfield code="a">https://hdl.handle.net/20.500.14352/25092</subfield>
   </datafield>
   <datafield ind2="0" ind1="0" tag="245">
      <subfield code="a">Inventos y artilugios de ciencia ficción en la literatura de la Edad de Plata: de la fe en el progreso al desencanto</subfield>
   </datafield>
</record></metadata></record></GetRecord></OAI-PMH>